Biblioteca y Centro de Documentación

Le politiche di mobilità nelle imprese transnazionali (Registro nro. 35553)

Detalles MARC
000 -CABECERA
Longitud fija campo de control 01027naa a2200289 c 4500
001 - NÚMERO DE CONTROL
Número de control 35553
003 - IDENTIFICADOR DE NÚMERO DE CONTROL
Identificador del número de control ES-MaCES
005 - FECHA Y HORA DE LA ÚLTIMA TRANSACCIÓN
Fecha y hora de la última transacción 20150724120103.0
008 - CAMPO FIJO DE DESCRIPCIÓN FIJA--INFORMACIÓN GENERAL
Códigos de información de longitud fija   051027n2005 it t 000 | ita d
035 ## - NÚMERO DE CONTROL DEL SISTEMA
Número de control del sistema CES20050010427v
040 ## - FUENTE DE CATALOGACIÓN
Centro catalogador de origen ES-MaCES
Lengua de catalogación spa
Centro transcriptor ES-MaCES
100 1# - ENCABEZAMIENTO PRINCIPAL--NOMBRE PERSONAL
Nombre de persona Fouquet, Bernadette
9 (RLIN) 12314
245 13 - MENCIÓN DE TÍTULO
Título Le politiche di mobilità nelle imprese transnazionali
Resto del título Bernadette Fouquet, Vanessa Lacaux
500 ## - NOTA GENERAL
Nota general Índice
650 #4 - ASIENTO SECUNDARIO DE MATERIA--TÉRMINO DE MATERIA
Término de materia o nombre geográfico como elemento inicial Italia
9 (RLIN) 26952
650 #4 - ASIENTO SECUNDARIO DE MATERIA--TÉRMINO DE MATERIA
Término de materia o nombre geográfico como elemento inicial reubicación de industrias
9 (RLIN) 27641
650 #4 - ASIENTO SECUNDARIO DE MATERIA--TÉRMINO DE MATERIA
Término de materia o nombre geográfico como elemento inicial traslado geográfico de un empleado
9 (RLIN) 30655
650 #4 - ASIENTO SECUNDARIO DE MATERIA--TÉRMINO DE MATERIA
Término de materia o nombre geográfico como elemento inicial globalización económica
9 (RLIN) 30653
650 #4 - ASIENTO SECUNDARIO DE MATERIA--TÉRMINO DE MATERIA
Término de materia o nombre geográfico como elemento inicial empresa multinacional
9 (RLIN) 27142
653 10 - TÉRMINO DE INDEXACIÓN--NO CONTROLADO
Término no controlado Relaciones laborales-Empleo
650 #4 - ASIENTO SECUNDARIO DE MATERIA--TÉRMINO DE MATERIA
9 (RLIN) 28300
Término de materia o nombre geográfico como elemento inicial política de empleo
700 1# - ENCABEZAMIENTO SECUNDARIO--NOMBRE PERSONAL
Nombre de persona Lacaux, Vanessa
9 (RLIN) 16039
773 0# - ENTRADA DE DOCUMENTO FUENTE
Título Lavoro e diritto
Parte(s) relacionada(s) anno 19, n. 3 (estate 2005){10261 R. 061631}; p. 475- 495
Número de control del registro relacionado (ES-MaCES)25274
Itemnumber del ítem fuente 46828
902 ## - CES. TIPO DE DOCUMENTO
Tipodoc (006$c Sirtex) ART Artículo de revista
942 ## - ELEMENTOS KOHA
Fuente de clasificaión o esquema Clasificación propia del CES
Koha [por defecto] tipo de item Artículos (1982-2017)
Parte de clasificación 2.0.

No hay ítems disponibles.

© CES, Consejo Económico y Social de España 2021